| 000 | 01218nam a2200325 i 4500 | ||
|---|---|---|---|
| 003 | EG-GICUC | ||
| 005 | 20260121101337.0 | ||
| 008 | 251123s1972 ua ||||fr|||| 00| 0 ara d | ||
| 040 |
_a EG-GICUC _bara _c EG-GICUC _d EG-GICUC _erda |
||
| 041 | 0 | _aara | |
| 082 | 0 | 4 |
_221 _a345 _bم ح . م |
| 092 | 0 | 4 | _221 |
| 099 | _aLaw1 07 345 م ح . م 1972 | ||
| 100 | 0 |
_aمحمود عاطف البنا _eمؤلف. |
|
| 245 | 1 | 0 |
_aمبادئ القانون الإداري : _bوسائل وأساليب النشاط الإداري / _cدكتور محمود عاطف البنا. |
| 264 |
_aالقاهرة : _bدار الفكر العربي، _c[1972]. |
||
| 300 |
_a368 صفحة ؛ _c24 سم. |
||
| 336 |
_2rda content _atext |
||
| 337 |
_2rda media _aComputer |
||
| 338 |
_2rda carrier _aOnline Resource |
||
| 504 | _aيشتمل على إرجاعات ببليوجرافية. | ||
| 546 | _aالنص باللغة العربية | ||
| 650 | 1 | 4 |
_aحقوق الموظف العام _2qrmak |
| 650 | 1 | 4 | _aواجبات الموظف العام |
| 650 | 1 | 4 | _aالسلطات التاديبية |
| 651 | 1 | _2qrmak | |
| 856 | 4 | 0 | _uhttps://fll.law.cu.edu.eg/fulltext/bks/B07-00589.pdf |
| 905 | _a65 | ||
| 942 |
_2ddc _cBK _e21 _n0 |
||
| 999 |
_c45645 _d45645 |
||